00578 a2200145 4500020001800000022001300018082001600031100001900047245014000066260005500206300002600261650003400287999001500321952009600336 a9780309098830 a15446808 a363.125 BRO aBrock, John F. aCTBSSP Synthesis 13 Effectiveness of Commercial Motor Vehicle Driver Training Curricula and Delivery Methods /cJohn F. Brock...[et al] aWashington :bTransportation Research Board,c2007 a33p. :bill. ;c30 cm aMotor Vehicle Driver Training c2187d2187 00104070aNITbNITcCEd0000-00-00l0o363.125 BROpNIT-3191 r2017-01-05w2017-01-05yBK